000 01092nam a2200241 a 4500
001 000845924
003 AM-YeHGA
005 20250617144933.0
008 111114s1982 ||| r 000 0 rus d
040 _aAM-YeHGA
041 0 _arus
245 0 0 _aДревесная флора Дальнего Востока :
_b[Справочное пособие] /
_cА.С. Агеенко, Н.Г. Васильев, Д.А. Глоба-Михайленко, В.С. Холявко.
260 _aМосква :
_bЛесн. пром-сть,
_c1982.
300 _a224 с. :
_b[8] л. ил.
500 _aАвт. указаны на обороте тит. л.
504 _aБиблиогр.: с. 216-218
653 0 _aДревесные растения - Дальний Восток СССР
700 1 _aАгеенко, Анатолий Сергеевич
700 1 _aВасильев, Николай Григорьевич
700 1 _aГлоба-Михайленко, Дмитрий Автономович
700 1 _aХолявко, Виктор Степанович
090 _c304790
999 _c303087
_d303087